[Event "Quebec-ch qual. 1"]
[Site "Montreal CAN"]
[Date "2001.04.28"]
[Round "2"]
[White "Soudre, Nicolas"]
[Black "Ouellet-Leveille, Clement"]
[Result "1-0"]
[WhiteElo "2176"]
[BlackElo "1889"]
[PlyCount "63"]
[GameId "2160767911564912"]
[EventDate "2001.04.27"]
[EventType "swiss"]
[EventRounds "5"]
[EventCountry "CAN"]
[SourceTitle "hb 2012"]

1. e4 e5 2. Nf3 Nf6 3. d4 Nxe4 4. dxe5 d5 5. Nbd2 Be7 6. c4 Be6 7. Nd4 Nxd2 8. Bxd2 Qd7 9. Nxe6 Qxe6 10. f4 Nc6 11. Be2 dxc4 12. Bc3 Rd8 13. Qa4 Qd5 14. O-O b5 15. Qc2 Nd4 16. Bxd4 Qxd4+ 17. Kh1 O-O 18. b3 Qd2 19. Qe4 Rd4 20. Qf3 Rfd8 21. f5 f6 22. e6 Qc2 23. Qh5 Rf8 24. bxc4 Rd2 25. Rfc1 Qe4 26. Bf3 Qe5 27. cxb5 Ba3 28. Re1 Qc3 29. Rab1 Qc2 30. Rb3 Qxa2 31. Rxa3 Qxa3 32. e7 1-0

[Event "Quebec-ch qual. 1"]
[Site "Montreal CAN"]
[Date "2001.04.28"]
[Round "3"]
[White "Bannon, Eric"]
[Black "Francoeur, Francois"]
[Result "1-0"]
[WhiteElo "1989"]
[BlackElo "1604"]
[PlyCount "63"]
[GameId "2160767911564913"]
[EventDate "2001.04.27"]
[EventType "swiss"]
[EventRounds "5"]
[EventCountry "CAN"]
[SourceTitle "hb 2012"]

1. e4 c5 2. Nf3 d6 3. d4 cxd4 4. Nxd4 Nf6 5. Nc3 a6 6. Bg5 e6 7. f4 Be7 8. Qf3 Nbd7 9. O-O-O Qc7 10. g4 b5 11. Bxf6 Nxf6 12. g5 Nd7 13. f5 Bxg5+ 14. Kb1 Ne5 15. Qh5 Qd8 16. Nxe6 Bxe6 17. fxe6 g6 18. exf7+ Kxf7 19. Qe2 Re8 20. h4 Bxh4 21. Qh2 g5 22. Bh3 Ra7 23. Qe2 Kg7 24. Nd5 Rh8 25. Ne3 Nf7 26. Nf5+ Kf8 27. e5 Re7 28. Nxe7 Qxe7 29. e6 Ne5 30. Rd5 Bg3 31. Rhd1 Ng6 32. Qf3+ 1-0

[Event "Quebec-ch qual. 1"]
[Site "Montreal CAN"]
[Date "2001.04.28"]
[Round "3"]
[White "Chenard, Yanick"]
[Black "Gilbert, Erick"]
[Result "1/2-1/2"]
[WhiteElo "1170"]
[BlackElo "1862"]
[PlyCount "85"]
[GameId "2160767911564915"]
[EventDate "2001.04.27"]
[EventType "swiss"]
[EventRounds "5"]
[EventCountry "CAN"]
[SourceTitle "hb 2012"]

1. d4 Nf6 2. e3 g6 3. Bd3 Bg7 4. c3 O-O 5. f4 d6 6. Nf3 Re8 7. Nbd2 Nbd7 8. O-O e5 9. fxe5 dxe5 10. Bc4 Qe7 11. Ng5 Rf8 12. Qb3 exd4 13. cxd4 Nb6 14. Be2 h6 15. Ngf3 Be6 16. Qc2 Bf5 17. Qb3 Ng4 18. Nc4 Be6 19. e4 Bxc4 20. Bxc4 Nxc4 21. Qxc4 Qxe4 22. Re1 Qc6 23. Qxc6 bxc6 24. Bf4 Rac8 25. Re7 Nf6 26. Rxc7 Rxc7 27. Bxc7 Nd5 28. Bd6 Re8 29. Ne5 Re6 30. Bc5 Bxe5 31. dxe5 Rxe5 32. Bxa7 Re2 33. Bd4 Nf4 34. Kf1 Re8 35. a4 Ra8 36. a5 Ra6 37. Be3 Nd3 38. b3 g5 39. Ke2 Nb4 40. Kd2 f5 41. g3 Kf7 42. h3 Nd5 43. Bf2 1/2-1/2

[Event "Quebec-ch qual. 1"]
[Site "Montreal CAN"]
[Date "2001.04.28"]
[Round "3"]
[White "Desjardins, Andre"]
[Black "Malveau, Cedric"]
[Result "1-0"]
[WhiteElo "2162"]
[BlackElo "1940"]
[PlyCount "83"]
[GameId "2160767911564916"]
[EventDate "2001.04.27"]
[EventType "swiss"]
[EventRounds "5"]
[EventCountry "CAN"]
[SourceTitle "hb 2012"]

1. e4 c5 2. Nf3 d6 3. d4 cxd4 4. Nxd4 Nf6 5. Nc3 a6 6. Bg5 e6 7. f4 Nbd7 8. Qf3 Qc7 9. O-O-O b5 10. e5 Bb7 11. Qh3 dxe5 12. Nxe6 fxe6 13. Qxe6+ Be7 14. Bxb5 axb5 15. Nxb5 Qc6 16. Nd6+ Kd8 17. fxe5 Kc7 18. Qxe7 Rxa2 19. c4 Ra1+ 20. Kc2 Qxg2+ 21. Bd2 Be4+ 22. Nxe4 Qxe4+ 23. Kc3 Rxd1 24. Rxd1 Qxe5+ 25. Qxe5+ Nxe5 26. Bf4 Ne4+ 27. Kc2 Re8 28. Rd5 g5 29. Rxe5 Rxe5 30. Bxe5+ Kc6 31. b4 h5 32. Kd3 Nf2+ 33. Kd4 h4 34. Bf6 Ng4 35. b5+ Kd7 36. Be5 Nf2 37. c5 g4 38. c6+ Ke6 39. b6 g3 40. hxg3 h3 41. g4 Nxg4 42. c7 1-0

[Event "Quebec-ch qual. 1"]
[Site "Montreal CAN"]
[Date "2001.04.28"]
[Round "3"]
[White "Gauthier, Denis"]
[Black "Fillion, Steve"]
[Result "0-1"]
[WhiteElo "1952"]
[BlackElo "2130"]
[PlyCount "108"]
[GameId "2160767911564917"]
[EventDate "2001.04.27"]
[EventType "swiss"]
[EventRounds "5"]
[EventCountry "CAN"]
[SourceTitle "hb 2012"]

1. d4 Nf6 2. c4 e6 3. Nf3 d5 4. Bg5 Nbd7 5. e3 c6 6. Nbd2 Be7 7. Bd3 O-O 8. O-O b6 9. Rc1 Bb7 10. Qe2 c5 11. Rfd1 Rc8 12. Bb1 Ba6 13. b3 Qc7 14. e4 dxc4 15. e5 Nd5 16. Qe4 g6 17. bxc4 cxd4 18. Qh4 Ba3 19. Ne4 Bxc1 20. Rxc1 Nxe5 21. Nxe5 Qxe5 22. f4 Qg7 23. Nf6+ Kh8 24. Nxd5 f5 25. Bf6 Rxf6 26. Nxf6 Rf8 27. Nxh7 Qxh7 28. Qf2 Qd7 29. Rd1 Rd8 30. Qh4+ Kg7 31. Rd3 Rh8 32. Qf2 Bxc4 33. Rxd4 Bd5 34. Qb2 Kg8 35. Qc3 Rh7 36. Qg3 Rg7 37. Rd3 Qb5 38. Rd1 Qc5+ 39. Kh1 Qc7 40. Qe3 Qc5 41. Qe5 Qf2 42. Rg1 Qd2 43. a3 Kh7 44. h3 b5 45. Kh2 a5 46. Kg3 b4 47. axb4 a4 48. Qe1 Qxe1+ 49. Rxe1 Rb7 50. Bc2 a3 51. Ra1 a2 52. Kf2 Rxb4 53. Ke3 Rb2 54. Kd2 Be4 0-1

[Event "Quebec-ch qual. 1"]
[Site "Montreal CAN"]
[Date "2001.04.28"]
[Round "3"]
[White "Katch, Gary"]
[Black "Nunez, Omar"]
[Result "0-1"]
[WhiteElo "1612"]
[BlackElo "2069"]
[PlyCount "64"]
[GameId "2160767911564918"]
[EventDate "2001.04.27"]
[EventType "swiss"]
[EventRounds "5"]
[EventCountry "CAN"]
[SourceTitle "hb 2012"]

1. e4 d5 2. exd5 Qxd5 3. Nc3 Qa5 4. d4 Nf6 5. Bd2 Qb6 6. Bd3 Nc6 7. Nge2 Nb4 8. Bc4 Bf5 9. Bb3 e6 10. a3 Na6 11. Be3 Ng4 12. Qd2 O-O-O 13. O-O-O Nxe3 14. Qxe3 Qa5 15. Ng3 Bg6 16. Rhe1 c6 17. Nce2 Bd6 18. Ne4 Be7 19. Nf4 Nc7 20. Nxg6 hxg6 21. h3 Nd5 22. Qf3 Nf6 23. Nc3 Rd7 24. Rd3 Rhd8 25. Red1 Qf5 26. Qxf5 gxf5 27. Ne2 Ne4 28. Rf1 Bg5+ 29. f4 Bf6 30. c3 Nc5 31. dxc5 Rxd3 32. Rd1 Kc7 0-1

[Event "Quebec-ch qual. 1"]
[Site "Montreal CAN"]
[Date "2001.04.28"]
[Round "3"]
[White "Leclair, Hugues"]
[Black "Malafarina, Luc"]
[Result "1-0"]
[WhiteElo "1707"]
[BlackElo "1307"]
[PlyCount "67"]
[GameId "2160767911564919"]
[EventDate "2001.04.27"]
[EventType "swiss"]
[EventRounds "5"]
[EventCountry "CAN"]
[SourceTitle "hb 2012"]

1. e4 c5 2. Nf3 Nc6 3. Be2 g6 4. O-O Bg7 5. c3 Nf6 6. e5 Nd5 7. d4 cxd4 8. cxd4 d6 9. Qb3 Nb6 10. Bb5 Be6 11. Qd1 dxe5 12. Nxe5 Rc8 13. Nc3 O-O 14. Bxc6 bxc6 15. Re1 Bxe5 16. Rxe5 Nc4 17. Re1 Qc7 18. b3 Nb6 19. Bd2 Nd5 20. Nxd5 cxd5 21. Re5 Qc2 22. Bh6 Rfd8 23. h4 Qb2 24. Re2 Qc3 25. Qe1 Bf5 26. Rxe7 Be6 27. Rxe6 Qb2 28. Rd1 Qc2 29. Re2 Qf5 30. Re5 Qd7 31. Qe3 Qg4 32. Re1 Qd7 33. Re7 Qf5 34. Re8+ 1-0

[Event "Quebec-ch qual. 1"]
[Site "Montreal CAN"]
[Date "2001.04.28"]
[Round "3"]
[White "Lefebvre, Gabriel"]
[Black "Ye, Ling Feng"]
[Result "1-0"]
[WhiteElo "1157"]
[BlackElo "1670"]
[PlyCount "63"]
[GameId "2160767911564920"]
[EventDate "2001.04.27"]
[EventType "swiss"]
[EventRounds "5"]
[EventCountry "CAN"]
[SourceTitle "hb 2012"]

1. e4 e5 2. Nf3 Nc6 3. Bb5 a6 4. Ba4 Nf6 5. d3 d6 6. c3 Bg4 7. h3 Bh5 8. Be3 b5 9. Bc2 Be7 10. d4 O-O 11. d5 Na5 12. Nbd2 Rb8 13. Qe2 Qc8 14. g4 Bg6 15. Nh4 Nxd5 16. Nxg6 fxg6 17. exd5 c6 18. Be4 b4 19. c4 c5 20. g5 Qd8 21. h4 Nb7 22. O-O-O Na5 23. Rdg1 Qe8 24. h5 gxh5 25. Qxh5 Qxh5 26. Rxh5 g6 27. Rh3 Nb7 28. Rgh1 Rf7 29. Bf3 Rbf8 30. Bg4 a5 31. Be6 Nd8 32. Rxh7 1-0

[Event "Quebec-ch qual. 1"]
[Site "Montreal CAN"]
[Date "2001.04.28"]
[Round "3"]
[White "Ouellet-Leveille, Clement"]
[Black "Furger, Josef"]
[Result "1-0"]
[WhiteElo "1889"]
[BlackElo "1320"]
[PlyCount "50"]
[GameId "2160767911564921"]
[EventDate "2001.04.27"]
[EventType "swiss"]
[EventRounds "5"]
[EventCountry "CAN"]
[SourceTitle "hb 2012"]

1. e4 c5 2. Nf3 d6 3. d4 cxd4 4. Nxd4 Nf6 5. Nc3 a6 6. Be2 e6 7. Be3 Be7 8. O-O b5 9. Bf3 Bb7 10. a3 Nc6 11. e5 Nd5 12. Nxc6 Bxc6 13. Nxd5 exd5 14. Bxd5 Bxd5 15. Qxd5 dxe5 16. Qc6+ Kf8 17. Rad1 Qc8 18. Qd5 Bf6 19. Bc5+ Kg8 20. Bd6 Qe8 21. Rfe1 h6 22. f4 Kh7 23. fxe5 Be7 24. Qe4+ g6 25. Qb7 Bf8 1-0

[Event "Quebec-ch qual. 1"]
[Site "Montreal CAN"]
[Date "2001.04.28"]
[Round "3"]
[White "Paz, Roman"]
[Black "Soudre, Nicolas"]
[Result "1/2-1/2"]
[WhiteElo "2039"]
[BlackElo "2176"]
[PlyCount "83"]
[GameId "2160767911564922"]
[EventDate "2001.04.27"]
[EventType "swiss"]
[EventRounds "5"]
[EventCountry "CAN"]
[SourceTitle "hb 2012"]

1. d4 e6 2. e4 d5 3. Nd2 Nf6 4. e5 Nfd7 5. c3 c5 6. f4 Nc6 7. Ngf3 cxd4 8. cxd4 Qb6 9. Nb3 Bb4+ 10. Kf2 a5 11. Be3 a4 12. Nbd2 a3 13. Rb1 f6 14. Bd3 axb2 15. Rxb2 Qa5 16. Nh4 Qa3 17. Qc2 Be7 18. Nb1 Qa4 19. Qe2 fxe5 20. Qh5+ Kd8 21. dxe5 Ndxe5 22. Bb5 Qe4 23. Re2 Qb4 24. Bb6+ Kd7 25. Qxe5 Qxb5 26. Qxe6+ Ke8 27. Qe3 Ra6 28. Bc5 d4 29. Bxd4 Kf7 30. Nf3 Rd8 31. Nc3 Qc4 32. Rd1 Bg4 33. Qxe7+ Nxe7 34. Ne5+ Kf8 35. Nxc4 Bxe2 36. Bxg7+ Kxg7 37. Rxd8 Bxc4 38. Rd7 Kf6 39. Ne4+ Kf7 40. Rxb7 Rxa2+ 41. Kg3 Ra3+ 42. Kh4 1/2-1/2

[Event "Quebec-ch qual. 1"]
[Site "Montreal CAN"]
[Date "2001.04.28"]
[Round "3"]
[White "Rivest, Jean-Michel"]
[Black "Brassard, Sylvain"]
[Result "1/2-1/2"]
[WhiteElo "1423"]
[BlackElo "1886"]
[PlyCount "135"]
[GameId "2160767911564923"]
[EventDate "2001.04.27"]
[EventType "swiss"]
[EventRounds "5"]
[EventCountry "CAN"]
[SourceTitle "hb 2012"]

1. e4 Nf6 2. e5 Nd5 3. d4 d6 4. Nf3 g6 5. Bc4 c6 6. O-O Bg7 7. Bxd5 cxd5 8. exd6 Qxd6 9. Nc3 a6 10. Re1 O-O 11. Bg5 Nc6 12. Qd2 Re8 13. Bf4 Qd8 14. Ne5 f6 15. Nxc6 bxc6 16. Na4 e5 17. dxe5 fxe5 18. Bg5 Qc7 19. c4 d4 20. c5 Bf5 21. Nb6 Rab8 22. Qa5 h6 23. Bd2 Qb7 24. Rac1 e4 25. Rc4 Rbd8 26. Ra4 Qe7 27. Qxa6 Qxc5 28. Rc4 Qb5 29. Qxb5 cxb5 30. Rc5 e3 31. fxe3 dxe3 32. Bc3 Bd3 33. Bxg7 Kxg7 34. Nd5 Re5 35. Rc7+ Kh8 36. Nf6 g5 37. Ng4 Re6 38. Rxe3 Rf8 39. Rc1 Rc6 40. Rd1 Bf5 41. Rf1 Rc5 42. Re5 Rxe5 43. Nxe5 Kg7 44. g4 Be6 45. Rxf8 Kxf8 46. a3 Ke7 47. h3 Kd6 48. Nd3 Kd5 49. Kf2 Kc4 50. Ke3 Kb3 51. Nc5+ Kxb2 52. Nxe6 Kxa3 53. Nd4 Kb4 54. Kd3 Kc5 55. Nxb5 Kd5 56. Ke3 Ke5 57. Nd4 Kf6 58. Nf5 h5 59. Ke4 Kg6 60. Ne7+ Kf6 61. gxh5 Kxe7 62. Kf5 Kf7 63. h6 Kg8 64. Kxg5 Kh7 65. h4 Kh8 66. Kg6 Kg8 67. h5 Kh8 68. h7 1/2-1/2

[Event "Quebec-ch qual. 1"]
[Site "Montreal CAN"]
[Date "2001.04.29"]
[Round "4"]
[White "Colucci, John"]
[Black "Gauthier, Denis"]
[Result "0-1"]
[WhiteElo "1603"]
[BlackElo "1952"]
[PlyCount "50"]
[GameId "2160767911564926"]
[EventDate "2001.04.27"]
[EventType "swiss"]
[EventRounds "5"]
[EventCountry "CAN"]
[SourceTitle "EXT 2022"]
[Source "ChessBase"]
[SourceDate "2021.10.06"]
[SourceVersion "1"]
[SourceVersionDate "2021.10.06"]
[SourceQuality "1"]

1. d4 Nf6 2. c4 e6 3. Nc3 Bb4 4. e3 O-O 5. Bd3 d5 6. Nf3 b6 7. cxd5 Nxd5 8. Qc2 f5 9. Ne5 Bb7 10. O-O Nd7 11. f4 Nxe5 12. dxe5 Bc5 13. Nxd5 Qxd5 14. Qe2 Rad8 15. Bc4 Qc6 16. Qf3 Rfe8 17. Qxc6 Bxc6 18. a3 a5 19. b4 axb4 20. axb4 Bxb4 21. Ra7 Re7 22. Rf2 Bc5 23. Rc2 Be4 24. Rf2 Rd1+ 25. Rf1 Rxc1 0-1

[Event "Quebec-ch qual. 1"]
[Site "Montreal CAN"]
[Date "2001.04.29"]
[Round "4"]
[White "Fillion, Steve"]
[Black "Paz, Roman"]
[Result "1-0"]
[WhiteElo "2130"]
[BlackElo "2039"]
[PlyCount "111"]
[GameId "2160767911564927"]
[EventDate "2001.04.27"]
[EventType "swiss"]
[EventRounds "5"]
[EventCountry "CAN"]
[SourceTitle "hb 2012"]

1. d4 Nf6 2. c4 g6 3. Nc3 Bg7 4. e4 d6 5. Nf3 O-O 6. h3 Na6 7. Be2 c5 8. d5 Nc7 9. Bf4 a6 10. a4 Rb8 11. e5 Nfe8 12. O-O Bd7 13. a5 b5 14. axb6 Rxb6 15. Qd2 Qb8 16. Ra2 f6 17. e6 Bc8 18. h4 f5 19. h5 Nf6 20. hxg6 hxg6 21. Ng5 Bh6 22. g3 Kg7 23. Kg2 Rh8 24. Nf7 Bxf4 25. Qxf4 Rh7 26. Na4 Rb4 27. Rh1 Rxh1 28. Kxh1 Ng8 29. Qh4 Nxe6 30. dxe6 Bxe6 31. Ng5 Bd5+ 32. Kh2 Nf6 33. Nc3 Bg8 34. Qf4 e5 35. Qd2 Bxc4 36. Bxc4 Rxc4 37. Rxa6 f4 38. Rxd6 Rd4 39. Rxd4 cxd4 40. Nce4 Ng4+ 41. Kg2 fxg3 42. fxg3 Ne3+ 43. Kg1 Qa8 44. Qc1 Kh6 45. Kf2 Ng4+ 46. Ke2 Qa6+ 47. Kd2 Nf2 48. Nxf2 Kxg5 49. Kc2+ Kf5 50. g4+ Ke6 51. Kb1 Qe2 52. Qc6+ Kf7 53. Ne4 Qxg4 54. Qc7+ Kf8 55. Qd8+ Kg7 56. Qe7+ 1-0

[Event "Quebec-ch qual. 1"]
[Site "Montreal CAN"]
[Date "2001.04.29"]
[Round "4"]
[White "Malveau, Cedric"]
[Black "Ouellet-Leveille, Clement"]
[Result "1/2-1/2"]
[WhiteElo "1940"]
[BlackElo "1889"]
[PlyCount "83"]
[GameId "2160767911564929"]
[EventDate "2001.04.27"]
[EventType "swiss"]
[EventRounds "5"]
[EventCountry "CAN"]
[SourceTitle "hb 2012"]

1. e4 e5 2. Nf3 Nf6 3. d4 Nxe4 4. Bd3 d5 5. Nxe5 Bd6 6. O-O O-O 7. c4 Bxe5 8. dxe5 Nc6 9. cxd5 Qxd5 10. Qc2 Nb4 11. Bxe4 Nxc2 12. Bxd5 Bf5 13. g4 Bxg4 14. Be4 Nxa1 15. Bf4 f5 16. Bd5+ Kh8 17. Rc1 c6 18. Bg2 Rfd8 19. Nd2 Rxd2 20. Bxd2 Rd8 21. Bc3 Rd1+ 22. Rxd1 Bxd1 23. Bf1 Kg8 24. Bc4+ Kf8 25. Be6 f4 26. Bb4+ Ke8 27. Bc8 b6 28. e6 c5 29. Bc3 g6 30. Bf6 Ba4 31. b3 Bc6 32. Bxa1 Ke7 33. Bd7 Bxd7 34. exd7 Kxd7 35. f3 Ke6 36. Bg7 b5 37. Kf2 Kf5 38. Bf8 c4 39. Ke2 g5 40. h3 cxb3 41. axb3 a5 42. Bd6 1/2-1/2

[Event "Quebec-ch qual. 1"]
[Site "Montreal CAN"]
[Date "2001.04.29"]
[Round "4"]
[White "Nuschke, Alex"]
[Black "Bannon, Eric"]
[Result "0-1"]
[WhiteElo "1676"]
[BlackElo "1989"]
[PlyCount "60"]
[GameId "2160767911564930"]
[EventDate "2001.04.27"]
[EventType "swiss"]
[EventRounds "5"]
[EventCountry "CAN"]
[SourceTitle "hb 2012"]

1. e4 c5 2. Nf3 Nc6 3. Bb5 e6 4. O-O Nge7 5. d4 cxd4 6. Nxd4 Ng6 7. Nxc6 bxc6 8. Bd3 Be7 9. Qh5 d6 10. f4 Ba6 11. Be3 Bxd3 12. cxd3 Bf6 13. Nc3 Rb8 14. f5 exf5 15. Qxf5 O-O 16. Rab1 Rb7 17. Rfc1 Ne5 18. d4 Nc4 19. Qf2 Nxe3 20. Qxe3 Bg5 21. Qf2 Bxc1 22. Rxc1 Qa5 23. Nd1 f5 24. Rxc6 fxe4 25. Qe2 Rbf7 26. Ne3 Rf2 27. Qxf2 Rxf2 28. Kxf2 Qd2+ 29. Kf1 Qxe3 30. Rxd6 Qf4+ 0-1

[Event "Quebec-ch qual. 1"]
[Site "Montreal CAN"]
[Date "2001.04.29"]
[Round "4"]
[White "Soudre, Nicolas"]
[Black "Nunez, Omar"]
[Result "1-0"]
[WhiteElo "2176"]
[BlackElo "2069"]
[PlyCount "41"]
[GameId "2160767911564931"]
[EventDate "2001.04.27"]
[EventType "swiss"]
[EventRounds "5"]
[EventCountry "CAN"]
[SourceTitle "hb 2012"]

1. e4 d5 2. Nc3 dxe4 3. Nxe4 Qd5 4. Nc3 Qa5 5. Nf3 Nf6 6. d4 Nc6 7. Bd2 Bg4 8. h3 Bxf3 9. Qxf3 O-O-O 10. Nb5 Qb6 11. Be3 Nd5 12. O-O-O a6 13. Na3 Ncb4 14. Bc4 e6 15. Bb3 a5 16. Nc4 Qa6 17. Ne5 a4 18. Bc4 b5 19. Bxd5 Rxd5 20. a3 Nc6 21. Qxf7 1-0

[Event "Quebec-ch qual. 1"]
[Site "Montreal CAN"]
[Date "2001.04.29"]
[Round "5"]
[White "Bannon, Eric"]
[Black "Gauthier, Denis"]
[Result "1-0"]
[WhiteElo "1989"]
[BlackElo "1952"]
[PlyCount "85"]
[GameId "2160767911564932"]
[EventDate "2001.04.27"]
[EventType "swiss"]
[EventRounds "5"]
[EventCountry "CAN"]
[SourceTitle "hb 2012"]

1. e4 Nf6 2. e5 Nd5 3. c4 Nb6 4. d4 d6 5. f4 dxe5 6. fxe5 Nc6 7. Be3 Bf5 8. Nf3 e6 9. Nc3 Qd7 10. d5 exd5 11. cxd5 Nb4 12. Nd4 N6xd5 13. Nxd5 Nxd5 14. Nxf5 O-O-O 15. Qd3 g6 16. Ng3 Nxe3 17. Qxe3 Bc5 18. Qf4 Qc6 19. Qe4 Qb6 20. Be2 Rd4 21. Qc2 Re8 22. Rd1 Rxe5 23. Rxd4 Bxd4 24. Rf1 f5 25. Rf3 Rc5 26. Qb3 Qa5+ 27. Kd1 Rd5 28. Rd3 Rd8 29. Qc4 Qe5 30. Nf1 c5 31. b4 Re8 32. Rd2 b6 33. bxc5 bxc5 34. Qa6+ Kb8 35. Qb5+ Kc8 36. Qc6+ Kd8 37. Bb5 Re7 38. Qa8+ Kc7 39. Qxa7+ Kd8 40. Qa8+ Kc7 41. Qc6+ Kd8 42. Re2 Be3 43. Rxe3 1-0

[Event "Quebec-ch qual. 1"]
[Site "Montreal CAN"]
[Date "2001.04.29"]
[Round "5"]
[White "Desjardins, Andre"]
[Black "Fillion, Steve"]
[Result "1/2-1/2"]
[WhiteElo "2162"]
[BlackElo "2130"]
[PlyCount "108"]
[GameId "2160767911564933"]
[EventDate "2001.04.27"]
[EventType "swiss"]
[EventRounds "5"]
[EventCountry "CAN"]
[SourceTitle "hb 2012"]

1. e4 e6 2. d3 c5 3. Nf3 d5 4. Nbd2 Nc6 5. g3 Bd6 6. Bg2 Nge7 7. O-O O-O 8. Re1 b6 9. c3 Ba6 10. Nf1 Rc8 11. h4 Bb8 12. N1h2 dxe4 13. dxe4 Qxd1 14. Rxd1 Rfd8 15. Be3 Rxd1+ 16. Rxd1 Rd8 17. Rxd8+ Nxd8 18. Bf1 Bxf1 19. Kxf1 Kf8 20. Ke2 Ke8 21. h5 f6 22. Ng4 h6 23. Nh4 Nf7 24. f4 f5 25. Nf2 Nd6 26. e5 Nc4 27. Bc1 Kd7 28. b3 Na5 29. g4 Nac6 30. Bd2 Bc7 31. Kf3 Bd8 32. gxf5 Nxf5 33. Nxf5 exf5 34. Nd3 Ne7 35. c4 g6 36. hxg6 Nxg6 37. Nf2 Bh4 38. Nd1 Ke6 39. Nc3 Bd8 40. Be1 Kd7 41. Nd5 Ke6 42. Ne3 Be7 43. Nf1 Bd8 44. Bf2 Be7 45. Be3 Bh4 46. Bd2 Be7 47. Ng3 Nh4+ 48. Ke2 Ng6 49. Nh5 Kf7 50. Be1 Nf8 51. Ng3 Kg6 52. Bc3 Ne6 53. Ke3 Bh4 54. Ne2 Kh5 1/2-1/2

[Event "Quebec-ch qual. 1"]
[Site "Montreal CAN"]
[Date "2001.04.29"]
[Round "5"]
[White "Leclair, Hugues"]
[Black "Malveau, Cedric"]
[Result "1-0"]
[WhiteElo "1707"]
[BlackElo "1940"]
[PlyCount "101"]
[GameId "2160767911564934"]
[EventDate "2001.04.27"]
[EventType "swiss"]
[EventRounds "5"]
[EventCountry "CAN"]
[SourceTitle "hb 2012"]

1. e4 c5 2. Nf3 d6 3. Be2 Nc6 4. O-O Nf6 5. Nc3 e6 6. d4 cxd4 7. Nxd4 Be7 8. Be3 a6 9. f4 Qc7 10. Bf3 O-O 11. g4 Nxd4 12. Bxd4 e5 13. Be3 exf4 14. Bd4 Be6 15. Nd5 Bxd5 16. exd5 Nd7 17. Be4 Bf6 18. Rxf4 Bxd4+ 19. Qxd4 Qc5 20. Qxc5 Nxc5 21. Bf3 Rfe8 22. Kf2 Re5 23. b4 Nd7 24. Re1 Rxe1 25. Kxe1 Ne5 26. Be2 Rc8 27. Kd2 g6 28. g5 Kf8 29. a4 Kg7 30. a5 h6 31. h4 hxg5 32. hxg5 Kf8 33. c4 Ke7 34. Ke3 Rh8 35. c5 Rh3+ 36. Kd4 Nd7 37. Re4+ Kd8 38. cxd6 Rh2 39. Re7 Rh4+ 40. Kc3 Rh3+ 41. Kd4 Rh4+ 42. Re4 Rh2 43. Ke3 Rh3+ 44. Kf2 f5 45. gxf6 Nxf6 46. Re7 Nxd5 47. Rxb7 Rh4 48. Bxa6 Nxb4 49. Bb5 Rh2+ 50. Kg3 Rd2 51. Rb8# 1-0

[Event "Quebec-ch qual. 1"]
[Site "Montreal CAN"]
[Date "2001.04.29"]
[Round "5"]
[White "Ouellet-Leveille, Clement"]
[Black "Chenard, Yanick"]
[Result "1-0"]
[WhiteElo "1889"]
[BlackElo "1170"]
[PlyCount "75"]
[GameId "2160767911564936"]
[EventDate "2001.04.27"]
[EventType "swiss"]
[EventRounds "5"]
[EventCountry "CAN"]
[SourceTitle "hb 2012"]

1. e4 Nc6 2. Nf3 d5 3. exd5 Qxd5 4. Nc3 Qa5 5. d4 Bg4 6. Bb5 O-O-O 7. Bxc6 bxc6 8. O-O Qh5 9. Qd3 Bxf3 10. gxf3 Qg6+ 11. Qxg6 hxg6 12. Ne2 e6 13. c3 Rd5 14. Ng3 Nh6 15. Rd1 Nf5 16. Bf4 Nxg3 17. fxg3 Bd6 18. Bxd6 cxd6 19. c4 Rdh5 20. Rd2 Kc7 21. Rc1 Rf5 22. Rc3 g5 23. d5 Re5 24. dxc6 Kxc6 25. Ra3 a5 26. Rad3 Rd8 27. Kf2 f5 28. Re3 Rxe3 29. Kxe3 Kc5 30. Rc2 Rb8 31. Kd3 Rb4 32. b3 a4 33. Kc3 g6 34. Re2 e5 35. Rd2 Rb8 36. b4+ Rxb4 37. Rd5+ Kc6 38. Kxb4 1-0

[Event "Quebec-ch qual. 1"]
[Site "Montreal CAN"]
[Date "2001.04.29"]
[Round "5"]
[White "Paz, Roman"]
[Black "Gilbert, Erick"]
[Result "1/2-1/2"]
[WhiteElo "2039"]
[BlackElo "1862"]
[PlyCount "43"]
[GameId "2160767911564937"]
[EventDate "2001.04.27"]
[EventType "swiss"]
[EventRounds "5"]
[EventCountry "CAN"]
[SourceTitle "hb 2012"]

1. d4 d6 2. e4 g6 3. Bc4 Nf6 4. Qf3 Nc6 5. Qb3 e6 6. d5 Na5 7. Qa4+ c6 8. Bg5 b5 9. Bxf6 bxa4 10. Bxd8 Kxd8 11. Be2 cxd5 12. exd5 Rb8 13. Nc3 a3 14. bxa3 Bg7 15. Kd2 Bh6+ 16. Kd1 Bg7 17. Rb1 Rxb1+ 18. Nxb1 exd5 19. Nf3 Nc4 20. Ng5 Kc7 21. Bf3 Be6 22. Re1 1/2-1/2

[Event "Quebec-ch qual. 1"]
[Site "Montreal CAN"]
[Date "2001.04.29"]
[Round "5"]
[White "Solar, Dariusz"]
[Black "Brassard, Sylvain"]
[Result "0-1"]
[WhiteElo "1779"]
[BlackElo "1886"]
[PlyCount "122"]
[GameId "2160767911564938"]
[EventDate "2001.04.27"]
[EventType "swiss"]
[EventRounds "5"]
[EventCountry "CAN"]
[SourceTitle "hb 2012"]

1. e4 Nf6 2. Nc3 d5 3. e5 d4 4. exf6 dxc3 5. fxe7 cxd2+ 6. Qxd2 Bxe7 7. Qxd8+ Bxd8 8. Be3 O-O 9. O-O-O Be6 10. a3 Bf6 11. Nf3 Nc6 12. Bb5 Ne7 13. Rhe1 a6 14. Ba4 b5 15. Bb3 Bxb3 16. cxb3 Rfd8 17. Bd4 Bxd4 18. Nxd4 Nd5 19. Nc6 Rd6 20. Ne7+ Nxe7 21. Rxd6 cxd6 22. Rxe7 Rc8+ 23. Kd2 Kf8 24. Rb7 Rc5 25. Rb6 Rd5+ 26. Ke2 a5 27. Ra6 b4 28. Ra7 g6 29. f4 Kg7 30. a4 Kf6 31. Rb7 Ke6 32. g4 h5 33. h3 hxg4 34. hxg4 f6 35. Ra7 Rc5 36. Kd3 g5 37. f5+ Ke5 38. Re7+ Kf4 39. Re4+ Kg3 40. Rd4 d5 41. Ke3 Rc2 42. Rxd5 Rxb2 43. Rxa5 Kxg4 44. Kd4 Rxb3 45. Kc4 Rb1 46. Rb5 b3 47. Rxb3 Ra1 48. Rb4 Kxf5 49. Kd3 Re1 50. a5 g4 51. a6 Kg5 52. Ra4 Re8 53. a7 Ra8 54. Ke3 f5 55. Ra5 Kh4 56. Kf4 g3 57. Kf3 f4 58. Kxf4 g2 59. Ra6 Kh5 60. Ra5+ Kh6 61. Rg5 Rf8+ 0-1

[Event "Quebec-ch qual. 1"]
[Site "Montreal CAN"]
[Date "2001.04.29"]
[Round "5"]
[White "Soudre, Nicolas"]
[Black "Boulay, David"]
[Result "1/2-1/2"]
[WhiteElo "2176"]
[BlackElo "2105"]
[PlyCount "53"]
[GameId "2160767911564939"]
[EventDate "2001.04.27"]
[EventType "swiss"]
[EventRounds "5"]
[EventCountry "CAN"]
[SourceTitle "hb 2012"]

1. e4 c5 2. Nc3 Nc6 3. f4 g6 4. Nf3 Bg7 5. Bb5 Nd4 6. Bd3 d6 7. Nxd4 cxd4 8. Ne2 Nh6 9. c3 dxc3 10. dxc3 O-O 11. Ng3 d5 12. e5 Qb6 13. h3 Rd8 14. Qe2 Bd7 15. Be3 Qc7 16. Bd4 b5 17. Bxb5 Bxb5 18. Qxb5 f6 19. Qa6 fxe5 20. Qe6+ Nf7 21. fxe5 Bxe5 22. O-O Bxd4+ 23. cxd4 Rf8 24. Ne2 Qd6 25. Qxd6 Nxd6 26. Nf4 Nf5 27. Nxd5 1/2-1/2

[Event "Quebec-ch qual. 2"]
[Site "Montreal CAN"]
[Date "2001.05.25"]
[Round "1"]
[White "Hudon, Paul"]
[Black "Belanger, Mario"]
[Result "0-1"]
[WhiteElo "1936"]
[BlackElo "1533"]
[PlyCount "56"]
[GameId "2160767911564596"]
[EventDate "2001.05.25"]
[EventType "swiss"]
[EventRounds "5"]
[EventCountry "CAN"]
[SourceTitle "EXT 2022"]
[Source "ChessBase"]
[SourceDate "2021.10.06"]
[SourceVersion "1"]
[SourceVersionDate "2021.10.06"]
[SourceQuality "1"]

1. e4 c5 2. Nf3 d6 3. d4 cxd4 4. Nxd4 Nf6 5. Nc3 a6 6. Bc4 e6 7. O-O Qc7 8. Bb3 Be7 9. f4 b5 10. a3 Nc6 11. Be3 Na5 12. Ndxb5 axb5 13. Nxb5 Qb8 14. Nxd6+ Bxd6 15. e5 Nxb3 16. cxb3 Nd5 17. Bd4 Be7 18. Qg4 O-O 19. Rf3 Rd8 20. Rg3 g6 21. Rc1 Qb5 22. b4 Nxb4 23. Qf3 Nd5 24. b4 Bb7 25. f5 exf5 26. Qxf5 Qd7 27. Qb1 Nf4 28. Bb6 Ne2+ 0-1